Najwięcej występów w drużynie Realu Madryt - Statystyki

Ogólne statystyki
  • Ten quiz został rozwiązany 308 razy
  • Średni wynik to 6 z 12
Statystyki odpowiedzi
Ilość Piłkarz % Poprawnych
438 Cristiano Ronaldo
96%
606 Sergio Ramos
89%
741 Raul
83%
725 Iker Casillas
82%
463 Karim Benzema
80%
484 Marcelo
70%
566 Fernando Hierro
47%
527 Roberto Carlos
45%
542 Guti
24%
654 Manolo Sanchis
7%
507 Michel
2%
443 Chendo
1%
Nie znaleziono quizów pasujących do podanych kryteriów
Rozkład punktacji
Procent ludzi z każdym wynikiem
Percentyl według liczby udzielonych odpowiedzi
Twoja historia wyników
Nie rozwiązałeś tego quizu